Odrodzony rycerski zakon bibliofilski w Krakowie w ilustrowanej relacji wielkiego mistrza Tom III Lata 2021-2024

Bibliographic Details
Main Author: Duda, Jerzy, 1942- (Author)
Format: Book
Language:Polish
PhysicalDescription:62 strán
Published: Kraków Towarzystwo Słowaków w Polsce 2025
ISBN:9788381113762
Edition:Wydanie I

MARC

LEADER 00000nam a2200000 4500
003 SK-MaSNL
005 20260421085159.0
008 260421s2025 pl 000 0 pol
020 |a 9788381113762  |q (brožované) 
038 |a SNK 
040 |a SNK  |b slo  |c SNK  |e rda 
041 0 |a pol 
044 |a pl  |c PL 
100 1 |a Duda, Jerzy,  |d 1942-  |4 aut  |9 658337 
245 1 0 |a Odrodzony rycerski zakon bibliofilski w Krakowie  |b w ilustrowanej relacji wielkiego mistrza  |n Tom III  |p Lata 2021-2024  |c Jerzy Duda 
250 |a Wydanie I 
264 1 |a Kraków  |b Towarzystwo Słowaków w Polsce  |c 2025 
300 |a 62 strán 
336 |a text  |b txt  |2 rdacontent 
337 |a bez média  |b n  |2 rdamedia 
338 |a zväzok  |b nc  |2 rdacarrier 
852 |a Slovenská národná knižnica 
919 |a 978-83-8111-376-2 
999 |c 3368925  |d 3370855 
952 |t 1  |a SNK  |b SNK  |y NEVYP  |7 1  |o snk  |i snk  |8 2  |g 9.31  |0 0  |1 0  |2 udc  |4 0  |d 2026-04-21  |l 0  |r 2026-04-21 08:52:00  |w 2026-04-21 
952 |t 1  |a SNK  |b SNK  |y NEVYP  |7 1  |o snk  |i snk  |8 2  |g 9.31  |0 0  |1 0  |2 udc  |4 0  |d 2026-04-22  |l 0  |r 2026-04-22 12:21:22  |w 2026-04-22